Zakon Ėstonskoj Sovetskoj Socialističeskoj Respubliki o gosudarstvennom notariate

Titel: Zakon Ėstonskoj Sovetskoj Socialističeskoj Respubliki o gosudarstvennom notariate
Veröffentlicht: Tallin : Ėėsti Raamat, 1974
Umfang: 61 S.
Format: Buch
Sprache: Russisch
Kein Bild verfügbar
X
Lokale Klassifikation: 47 12 M
alg: 28568069
001A    $03004:15-12-11 
001B    $01999:25-04-21 $t10:51:15.000 
001C    $03004:15-12-11 $t13:21:27.000 
001D    $03004:15-12-11 
001U    $0utf8 
001X    $00 
002@    $0Aau 
003@    $0285680692 
003O    $0257335611 $aOCoLC 
007A    $0285680692 $aHEB 
007T    $0Herdhh285680692 
010@    $arus 
011@    $a1974 
021A    $aZakon Ėstonskoj Sovetskoj Socialističeskoj Respubliki o gosudarstvennom notariate 
033A    $pTallin $nĖėsti Raamat 
034D    $a61 S. 
045F    $a340.09 $eDDC23BSB 
045F/01 $a340.09 
045F/03 $g4798 
046L    $aIn kyrill. Schr., russ. 

lok: 28568069 24
101B    $015-12-11 $t13:21:27.000 
101C    $015-12-11 
101U    $0utf8 
145Z/01 $a47 12 M 

exp: 28568069 24 1 #EPN
201B/01 $006-02-12 $t14:57:44.000 
201C/01 $015-12-11 
201U/01 $0utf8 
203@/01 $0635448904 
208@/01 $a06-02-12 $bz 
209A/01 $aS 25740 $du $f050 $hS 25740 $x00 
209C/01 $a11.09749 G $h11 09749 G 
209G/01 $a72939034 $x00 
220C/01 $amar 
247C/01 $8358050-7 Marburg, Bibliothek des Herder-Instituts Marburg $9102600961 

lok: 28568069 78

exp: 28568069 78 1 #EPN
201B/01 $019-04-17 $t22:02:54.000 
201U/01 $0utf8 
203@/01 $0793668344 
208@/01 $a12-11-16 $be 
209A/01 $a/ $f000 $x00 
237A/01 $aIn kyrill. Schr., russ 
244Z/01 $2Trx $#Estija $#Igaunija $#Estland $#Estonia $#Estonia $#Estónsko $#Estonsko $8--Trx--Eesti $x01 $9391237225 
245Z/01 $a07.02 $x01 
247C/01 $82080>Marburg/Lahn, Herder-Institut, Forschungsbibliothek, Bibliographieportal $9336309341
LEADER 00000cam a2200000 c 4500
001 285680692
003 DE-603
005 20210425105115.0
007 tu
008 111215s1974 xx |||| | u00||u|rus c
035 |a (DE-599)HEB285680692 
035 |a (OCoLC)257335611 
040 |a DE-603  |b ger  |c DE-603  |d DE-603 
041 |a rus 
082 0 4 |8 1\u  |a 340.09  |q DE-101  |2 23/BSB 
085 |8 1\u  |b 340.09 
085 |8 1\u  |z 2  |s 4798 
245 0 0 |a Zakon Ėstonskoj Sovetskoj Socialističeskoj Respubliki o gosudarstvennom notariate 
264 1 |a Tallin  |b Ėėsti Raamat  |c 1974 
300 |a 61 S. 
546 |a In kyrill. Schr., russ. 
924 0 |9 Mb 50  |a (DE-603)635448904  |b DE-Mb50  |c HES  |d c  |g S 25740 
924 0 |9 2080  |a (DE-603)793668344  |b DE-2080  |c HES  |d d  |g /